000 00310 a2200145 4500
999 _c11935
_d11935
003 OSt
005 20240111142115.0
008 240111b ||||| |||| 00| 0 eng d
020 _a9791189659394
082 _a720
100 _aArchilab
245 _a2022 Annual Interior
260 _bArchilab
942 _2ddc